000 01209nam a2200313 i 4500
001 bg
100 1 _aSANETRA, Krystyna
_d(1951- )
245 1 0 _aFormat MARC 21 rekordu bibliograficznego dla dokumentu elektronicznego /
_cKrystyna Sanetra ; Stowarzyszenie Bibliotekarzy Polskich, Centrum NUKat Biblioteki Uniwersyteckiej w Warszawie.
246 1 1 _aMARC 21 format for bibliographic data: computer files
260 _aWarszawa :
_bWydaw. SBP,
_c2003.
300 _a222 s. ;
_c24 cm.
490 1 _aFormaty, Kartoteki ;
_v12
500 _aTyt. równol.: MARC 21 format for bibliographic data: computer files.
504 _aBibliogr.
650 9 _aMARC
_zPolska
650 9 _aDokumenty elektroniczne
_xopis bibliograficzny
_zPolska
655 _aInstrukcje
710 0 _aStowarzyszenie Bibliotekarzy Polskich
710 0 _aCentrum NUKat
830 _aFormaty, Kartoteki ;
020 _a8389316064
040 _cBPK
041 0 _apol
080 _a086::004.085:002:025.3:004](083.1)
920 _a83-89316-06-4
942 _cKS
008 s pl f |000 0 pol
999 _c43917
_d43917
856 _uhttp://koha.tu.koszalin.pl/cgi-bin/koha/opac-detail.pl?biblionumber=43917
_yKatalog online BPK